header

Efficiency, equality and public policy (Record no. 123502)

MARC details
000 -LEADER
fixed length control field 01302nam a22003254a 4500
082 04 - DEWEY DECIMAL CLASSIFICATION NUMBER
Classification number 338.9
100 1# - MAIN ENTRY--AUTHOR NAME
Personal name Ng, Yew-Kwang.
245 10 - TITLE STATEMENT
Title Efficiency, equality and public policy
260 ## - PUBLICATION, DISTRIBUTION, ETC. (IMPRINT)
Place of publication Houndmills, Basingstoke, Hampshire :
Name of publisher Macmillan Press ;
Place of publication New York :
Name of publisher St. Martin's Press,
Year of publication 2000.
300 ## - PHYSICAL DESCRIPTION
Number of Pages x, 189 p. :
Other physical details ill.
650 #0 - SUBJECT ADDED ENTRY--TOPICAL TERM
Topical Term Policy sciences.
Topical Term Economic policy.
Topical Term Expenditures, Public
856 40 - ELECTRONIC LOCATION AND ACCESS
Uniform Resource Identifier http://site.ebrary.com/lib/rucke/Doc?id=2002979

No items available.

© 2026 Rongo University
Contact us: librarian | system librarian | Rongo university